[Event "ch-GER Youth U25 2017"]
[Site "Willingen GER"]
[Date "2017.06.06"]
[Round "5.6"]
[White "Ciolek,Andreas"]
[Black "Longo,Claudio"]
[Result "1-0"]
[WhiteElo "2226"]
[BlackElo "2008"]

1.e4 d5 2.exd5 Nf6 3.d4 Nxd5 4.Nf3 g6 5.c4 Nb6 6.h3 Bg7 7.Nc3 Bf5 8.Be3 Nc6
9.g4 Bc8 10.Qd2 h5 11.Rg1 Nd7 12.O-O-O b6 13.Bd3 Bb7 14.gxh5 Nb4 15.Ng5 Nxd3+
16.Qxd3 Nf8 17.hxg6 f6 18.Nf7 {#r} 1-0

[Event "ch-GER Youth U25 2017"]
[Site "Willingen GER"]
[Date "2017.06.07"]
[Round "6.3"]
[White "Hartmann,Jakob"]
[Black "Holtel,Jasper"]
[Result "1-0"]
[WhiteElo "2158"]
[BlackElo "2293"]

1.e4 c5 2.Nf3 d6 3.d4 cxd4 4.Nxd4 Nf6 5.Nc3 a6 6.Bg5 e6 7.f4 h6 8.Bh4 Qb6
9.Bxf6 gxf6 10.Qd2 Qxb2 11.Rb1 Qa3 12.Be2 h5 13.O-O Nd7 14.Kh1 Nc5 15.Nb3 Nxb3
16.cxb3 Bd7 17.b4 Rc8 18.Rb3 Rxc3 19.Rxa3 Rxa3 20.f5 Be7 21.Bc4 a5 22.bxa5 h4
23.Qb2 Rxa5 24.Qxb7 Rc5 25.Qb3 exf5 26.Bxf7+ Kf8 27.Bg6 d5 28.exf5 h3 29.g3
Bd6 30.Qb6 Be7 31.Re1 d4 32.Qa7 Re5 33.Rxe5 Bc6+ 34.Kg1 fxe5 35.f6 {#r} 1-0

[Event "ch-GER Youth U25 2017"]
[Site "Willingen GER"]
[Date "2017.06.08"]
[Round "7.7"]
[White "Shopanov,Akzhan"]
[Black "Wanner,Lukas"]
[Result "1-0"]
[WhiteElo "2091"]
[BlackElo "2002"]

1.Nf3 Nf6 2.g3 g6 3.Bg2 Bg7 4.O-O O-O 5.d3 d6 6.c4 e5 7.Nc3 a5 8.a3 Nc6 9.Rb1
Nh5 10.b4 axb4 11.axb4 f5 12.Bg5 Nf6 13.Nd5 Ne7 14.Nxf6+ Bxf6 15.Bxf6 Rxf6
16.Ra1 Rxa1 17.Qxa1 f4 18.Qa8 h6 19.d4 exd4 20.Nxd4 c6 21.b5 c5 22.Nb3 b6
23.Ra1 fxg3 24.hxg3 Qf8 25.Bf3 Be6 26.Nd2 Qxa8 27.Rxa8+ Rf8 28.Ra7 Nc8 29.Rb7
Rf7 30.Rb8 Kg7 31.Bd5 Bxd5 32.Rxc8 Bb7 33.Rd8 Re7 34.Kf1 Kf6 35.Rxd6+ Re6
36.Rd7 Ba8 37.Ra7 Be4 38.f3 Bc2 39.Ra2 Bd1 40.Ne4+ Kf5 41.Rb2 Rxe4 42.fxe4+
Kxe4 43.Ke1 Ba4 44.Kd2 Kd4 45.Ra2 Bb3 46.Ra6 Bxc4 47.Rxb6 Bf7 48.Rf6 {#r} 1-0

[Event "ch-GER Youth U25 2017"]
[Site "Willingen GER"]
[Date "2017.06.09"]
[Round "8.2"]
[White "Ciolek,Andreas"]
[Black "Wenninger,P"]
[Result "0-1"]
[WhiteElo "2226"]
[BlackElo "2345"]

1.e4 c5 2.Nf3 d6 3.d4 cxd4 4.Nxd4 Nf6 5.Nc3 a6 6.Be3 e5 7.Nb3 Be6 8.Qd2 Be7
9.f4 exf4 10.Bxf4 Nc6 11.Be2 O-O 12.O-O b5 13.Nd4 Nxd4 14.Qxd4 d5 15.exd5 Nxd5
16.Nxd5 Qxd5 17.Qxd5 Bxd5 18.Bf3 Bc5+ 19.Kh1 Bxf3 20.gxf3 f6 21.Rad1 Rad8
22.Bc7 Rc8 23.Bg3 Rfd8 24.Rfe1 Kf7 25.Kg2 b4 26.Rxd8 Rxd8 27.Kf1 Rd5 28.Ke2
Be7 29.Ra1 Ke6 30.Rd1 Ra5 31.Ra1 g5 32.Kd3 h5 33.c3 h4 34.Bb8 Rd5+ 35.Ke2 bxc3
36.bxc3 Rb5 37.Bc7 Rc5 38.Bb8 Rxc3 39.Re1 Bb4 40.Kf2+ Kf5 41.h3 Rc8 {#R} 0-1

[Event "ch-GER Youth U25 2017"]
[Site "Willingen GER"]
[Date "2017.06.10"]
[Round "9.3"]
[White "Parvanyan,Ashot"]
[Black "Hartmann,Jakob"]
[Result "1-0"]
[WhiteElo "2393"]
[BlackElo "2158"]

1.Nf3 d5 2.g3 Bg4 3.Bg2 Nd7 4.O-O e6 5.d4 Bd6 6.Nbd2 Ngf6 7.Re1 O-O 8.e4 dxe4
9.Nxe4 Nxe4 10.Rxe4 Nf6 11.Re1 Re8 12.c3 c6 13.Qb3 Bxf3 14.Bxf3 Qc7 15.a4 e5
16.dxe5 Rxe5 17.Rxe5 Bxe5 18.Be3 Nd7 19.Rd1 a6 20.Qb4 Re8 21.a5 h6 22.Bxh6 Re6
23.Be3 Bd6 24.Qa4 Rf6 25.Bg2 Nc5 26.Qg4 Nd7 27.Bh3 Ne5 28.Qc8+ Kh7 29.Qxc7
Bxc7 30.b4 Nc4 31.Bd4 Rd6 32.Re1 Bd8 33.Bc8 Nd2 34.Kg2 Nb3 35.Be5 Rd3 36.Bf5+
{#r} 1-0

[Event "Lasker Memorial 2017"]
[Site "Gorzow Wielkopolski POL"]
[Date "2017.06.12"]
[Round "1.1"]
[White "Koziak,V"]
[Black "Voloshin,L"]
[Result "1-0"]
[WhiteElo "2515"]
[BlackElo "2389"]

1.d4 e6 2.c4 Bb4+ 3.Bd2 a5 4.a3 Bxd2+ 5.Qxd2 Nf6 6.Nc3 d5 7.Nf3 O-O 8.e3 b6
9.Rc1 Bb7 10.cxd5 exd5 11.b4 Nc6 12.b5 Ne7 13.Bd3 c5 14.bxc6 Bxc6 15.Ne5 Be8
16.O-O Rb8 17.Qb2 g6 18.Rc2 Kg7 19.Rfc1 h5 20.h3 Nd7 21.Nb5 Nxe5 22.dxe5 Bxb5
23.Bxb5 Nf5 24.Rd2 Qg5 25.Rxd5 Rfd8 26.e6+ Qf6 27.Qxf6+ Kxf6 28.Rxd8 Rxd8
29.exf7 Kxf7 30.g4 hxg4 31.hxg4 Nd6 32.Bd3 g5 33.Rc7+ Ke6 34.Rg7 b5 35.Rxg5
Rb8 36.f4 b4 37.Re5+ Kf7 38.Rxa5 b3 39.Rd5 Ke7 40.Rd4 b2 41.Rb4 Rxb4 42.axb4
Nc4 43.Kf2 Na3 44.e4 b1=Q 45.Bxb1 Nxb1 46.Ke3 Nc3 47.g5 Na2 48.b5 Nc3 49.b6
Kd6 50.g6 {#r} 1-0

[Event "Lasker Memorial 2017"]
[Site "Gorzow Wielkopolski POL"]
[Date "2017.06.12"]
[Round "1.4"]
[White "Kucza,Karol"]
[Black "Sergeev,Vl"]
[Result "1-0"]
[WhiteElo "2278"]
[BlackElo "2446"]

1.e4 Nf6 2.e5 Nd5 3.d4 d6 4.c4 Nb6 5.f4 g6 6.Nc3 Bg7 7.Be3 Be6 8.d5 Bf5 9.Nf3
O-O 10.Be2 Bg4 11.c5 Bxf3 12.Bxf3 Nc4 13.Bf2 c6 14.Qe2 cxd5 15.Nxd5 Na5 16.b4
Nac6 17.b5 Na5 18.Bh4 g5 19.Bxg5 f6 20.Bh4 dxc5 21.Rd1 Nd7 22.exf6 exf6
23.Ne7+ Kh8 24.Bg4 f5 25.Bxf5 Bc3+ 26.Kf1 Bd4 27.Qh5 Rxf5 28.Qxf5 Qf8 29.g3
Nc4 30.Qxd7 Ne3+ 31.Ke2 Nxd1 32.Rxd1 Qg7 33.Kf3 Rf8 34.Qe6 Re8 35.Rxd4 {#r}
1-0

[Event "Lasker Memorial 2017"]
[Site "Gorzow Wielkopolski POL"]
[Date "2017.06.12"]
[Round "1.6"]
[White "Kumala,A"]
[Black "Llaneza Vega,M"]
[Result "0-1"]
[WhiteElo "2224"]
[BlackElo "2424"]

1.e4 c5 2.b3 g6 3.Bb2 Nf6 4.e5 Nd5 5.Nf3 Nc6 6.Ng5 Bh6 7.e6 Bxg5 8.Bxh8 f6
9.Bg7 dxe6 10.h4 Bf4 11.h5 g5 12.Bd3 Kf7 13.h6 Kg8 14.Nc3 Ndb4 15.Be4 Qd4
16.g3 Bd6 17.Qe2 Bd7 18.Rd1 Ne5 19.O-O g4 20.Bxb7 Rb8 21.Be4 Nf3+ 22.Kg2 Qe5
23.Rh1 Nc6 24.Qe3 Ncd4 25.Qd3 Nf5 26.Bxf5 exf5 27.Nd5 Bc6 28.c4 Nd4 29.Rh5 e6
30.Qe3 exd5 31.Qxe5 dxc4+ 32.Kf1 Bxe5 33.bxc4 Rb2 34.a3 Bf3 35.Re1 Rxd2 36.Kg1
Be4 37.Rf1 Ne2+ 38.Kh2 Nxg3 {#R} 0-1

[Event "Lasker Memorial 2017"]
[Site "Gorzow Wielkopolski POL"]
[Date "2017.06.12"]
[Round "1.8"]
[White "Kubicka,Anna"]
[Black "Tomczak,Mikolaj"]
[Result "0-1"]
[WhiteElo "2168"]
[BlackElo "2391"]

1.e4 c5 2.Nf3 e6 3.d4 cxd4 4.Nxd4 Nf6 5.Nc3 d6 6.Be3 a6 7.Be2 Nbd7 8.g4 h6
9.f4 b5 10.Bf3 Bb7 11.g5 hxg5 12.fxg5 Ng8 13.g6 Ngf6 14.gxf7+ Kxf7 15.Rf1 b4
16.Nce2 Ne5 17.Nf4 Nxf3+ 18.Qxf3 Bxe4 19.Qg3 e5 20.Nfe6 Qe7 21.Ng5+ Kg8 22.Nf5
Bxf5 23.Rxf5 Qd7 24.Rxf6 gxf6 25.Ne4+ Kf7 26.O-O-O Qh3 27.Qf2 Qxe3+ 28.Qxe3
Bh6 29.Qxh6 Rxh6 30.Rxd6 Rg6 31.c4 bxc3 32.bxc3 Rh8 33.Kc2 f5 34.Rd7+ Ke8
35.Nc5 Rxh2+ 36.Kb3 f4 37.Rd5 Re2 38.Nd3 f3 {#R} 0-1

[Event "Lasker Memorial 2017"]
[Site "Gorzow Wielkopolski POL"]
[Date "2017.06.13"]
[Round "2.2"]
[White "Dzhuguryan,Tygran"]
[Black "Shishkin,Va UKR"]
[Result "0-1"]
[WhiteElo "2167"]
[BlackElo "2454"]

1.d4 Nf6 2.c4 g6 3.d5 Bg7 4.Nc3 O-O 5.Nf3 d6 6.e4 Nbd7 7.Bg5 Nc5 8.Nd2 a5
9.Be2 h6 10.Be3 b6 11.O-O e6 12.Qc2 exd5 13.cxd5 Ng4 14.Bxg4 Bxg4 15.Nb3 Bd7
16.Nd4 Re8 17.Rae1 Qc8 18.f3 Qa6 19.Rd1 a4 20.Qd2 Kh7 21.Rfe1 Qb7 22.a3 Re7
23.h4 h5 24.Bg5 f6 25.Be3 Rae8 26.Na2 f5 27.exf5 gxf5 28.Nb4 Qc8 29.Ndc6 Rf7
30.Bf4 Rxe1+ 31.Rxe1 Qh8 32.Re2 Nb3 33.Qc2 Bf6 34.g3 Rf8 35.Bg5 Bxg5 36.hxg5
Re8 37.Rxe8 Qxe8 38.Kf2 Kg6 39.Qc3 Qf7 40.f4 Nc5 41.Qh8 Qg7 42.Ne7+ Qxe7
43.Qh6+ Kf7 44.g6+ Kg8 45.Qxh5 Ne4+ 46.Kg2 Nf6 {#R} 0-1

[Event "Lasker Memorial 2017"]
[Site "Gorzow Wielkopolski POL"]
[Date "2017.06.13"]
[Round "2.4"]
[White "Simantsev,M"]
[Black "Kucza,Karol"]
[Result "1-0"]
[WhiteElo "2486"]
[BlackElo "2278"]

1.d4 d5 2.c4 e6 3.Nc3 Nf6 4.Nf3 c6 5.e3 Nbd7 6.Qc2 Bd6 7.Bd3 O-O 8.O-O dxc4
9.Bxc4 b5 10.Bd3 Bb7 11.e4 e5 12.dxe5 Nxe5 13.Nxe5 Bxe5 14.h3 Re8 15.Be3 Qe7
16.Rae1 a6 17.Ne2 Bd6 18.Nd4 Bb4 19.Nf5 Qe6 20.e5 Qxe5 21.Bd4 Qd5 22.Rxe8+
Rxe8 23.Bxf6 gxf6 24.Qd1 Kh8 25.Ne3 Qg5 26.Qf3 Bd6 27.Nf5 Be5 28.g3 Rd8 29.Be4
h5 30.Rd1 Rg8 31.Rd7 Bc8 32.Rxf7 Be6 33.Re7 Bd5 34.b3 h4 35.Nd6 Qc1+ 36.Kg2
Rxg3+ 37.fxg3 Qd2+ 38.Qf2 Qxf2+ 39.Kxf2 hxg3+ 40.Kf3 Bxd6 41.Re8+ Bg8 42.Bxc6
Kg7 43.Ra8 Be6 44.Kg2 b4 45.Rxa6 Bf5 46.Bd5 Be5 47.Rb6 Bb1 48.Rxb4 Bxa2 49.Be4
{#r} 1-0

[Event "Lasker Memorial 2017"]
[Site "Gorzow Wielkopolski POL"]
[Date "2017.06.13"]
[Round "2.8"]
[White "Aliavdin,N"]
[Black "Balinski,D"]
[Result "1-0"]
[WhiteElo "2351"]
[BlackElo "2171"]

1.e4 c5 2.Nf3 Nc6 3.Nc3 e5 4.Bc4 Be7 5.d3 d6 6.Nd2 Nf6 7.Nf1 Bg4 8.f3 Be6
9.Ne3 O-O 10.O-O Nh5 11.Ncd5 g6 12.c3 Ng7 13.f4 exf4 14.Nxf4 Bxc4 15.Nxc4 Bg5
16.Nd5 Bxc1 17.Nf6+ Kh8 18.Qxc1 Ne8 19.Nxe8 Qxe8 20.Nxd6 Qe7 21.Nc4 Rad8
22.Qc2 Ne5 23.Nxe5 Qxe5 24.Rf3 Rd7 25.Raf1 Kg8 26.Qa4 Rfd8 27.Qc4 Rf8 28.h3 b6
29.a4 Kg7 30.Qb5 Rd6 31.a5 f6 32.Ra1 Rf7 33.Qc4 Rfd7 34.axb6 axb6 35.Qb5 Qg5
36.Ra6 Qc1+ 37.Kh2 Qc2 38.Rxb6 Rxd3 39.Rxd3 Rxd3 40.Qxc5 Rd2 41.Qc7+ Kh6
42.Qf4+ Kh5 43.Qg4+ Kh6 44.Qh4+ Kg7 45.Qxf6+ {#r} 1-0

[Event "Lasker Memorial 2017"]
[Site "Gorzow Wielkopolski POL"]
[Date "2017.06.14"]
[Round "3.8"]
[White "Ivanov,MM"]
[Black "Kumala,A"]
[Result "1-0"]
[WhiteElo "2425"]
[BlackElo "2224"]

1.d4 Nf6 2.c4 e6 3.Nc3 d5 4.cxd5 exd5 5.Bg5 c6 6.e3 Bf5 7.Qf3 Bg6 8.Bxf6 Qxf6
9.Qxf6 gxf6 10.h4 a5 11.h5 Bf5 12.Nf3 a4 13.Nh4 a3 14.b3 Bb4 15.Rc1 Bb1
16.Rxb1 Bxc3+ 17.Kd1 Na6 18.Bxa6 Rxa6 19.Kc2 Bb4 20.g4 Kd7 21.Rbd1 Raa8 22.Nf5
Rhg8 23.f3 Rae8 24.Rh2 Re6 25.Re2 Kc7 26.Kd3 Kd7 27.Rg1 Kc7 28.Nh6 Rf8 29.e4
dxe4+ 30.fxe4 Rd8 31.Nf5 Bc5 32.Kc4 Ba7 33.Rgg2 Rd7 34.g5 fxg5 35.Rxg5 b5+
36.Kc3 c5 37.Kd3 cxd4 38.Rc2+ Kb7 39.Rg7 h6 40.Rh7 Bb6 41.Rxh6 Bc7 42.Rh8 Bf4
43.h6 Rxe4 44.h7 Re1 45.Rb8+ Kxb8 46.h8=Q+ Ka7 47.Qc8 {#r} 1-0

[Event "Lasker Memorial 2017"]
[Site "Gorzow Wielkopolski POL"]
[Date "2017.06.15"]
[Round "4.6"]
[White "Dzhuguryan,Tygran"]
[Black "Janik,Igor"]
[Result "0-1"]
[WhiteElo "2167"]
[BlackElo "2422"]

1.d4 Nf6 2.c4 g6 3.Nc3 Bg7 4.e4 d6 5.Be2 O-O 6.Nf3 Na6 7.Bg5 h6 8.Be3 e5 9.d5
Ng4 10.Bd2 f5 11.Qc1 Nc5 12.h3 Nxf2 13.Kxf2 fxe4 14.Kg1 exf3 15.Bxf3 Qh4
16.Be3 Rxf3 {#R} 0-1

[Event "Lasker Memorial 2017"]
[Site "Gorzow Wielkopolski POL"]
[Date "2017.06.15"]
[Round "4.7"]
[White "Balinski,D"]
[Black "Sergeev,Vl"]
[Result "1-0"]
[WhiteElo "2171"]
[BlackElo "2446"]

1.c4 g6 2.g3 Bg7 3.Bg2 d6 4.Nc3 Nf6 5.d4 O-O 6.e3 e5 7.Nge2 Qe7 8.O-O e4 9.h3
h5 10.b4 Bf5 11.Nf4 Re8 12.a4 Nbd7 13.a5 a6 14.Bd2 c6 15.Rb1 Nf8 16.b5 Ne6
17.bxc6 bxc6 18.Rb6 Nxf4 19.exf4 Qc7 20.Qa4 Rec8 21.Be3 d5 22.Rfb1 Qd7 23.Rb7
Qe6 24.cxd5 Nxd5 25.Nxd5 Qxd5 26.Bf1 Be6 27.R7b6 Rc7 28.Rxa6 Rxa6 29.Bxa6 Ra7
30.Rb6 Bxh3 31.Qxc6 Qxa5 32.Qe8+ Kh7 33.Rb8 Bf5 34.Bf1 Qe1 35.Qg8+ Kh6 36.Ra8
Rb7 37.Rb8 Ra7 38.Ra8 Rb7 39.Rb8 Rc7 40.Rf8 Bxf8 41.Qh8# 1-0

[Event "Lasker Memorial 2017"]
[Site "Gorzow Wielkopolski POL"]
[Date "2017.06.15"]
[Round "4.8"]
[White "Kubicka,Anna"]
[Black "Kucza,Karol"]
[Result "0-1"]
[WhiteElo "2168"]
[BlackElo "2278"]

1.d4 d5 2.c4 e6 3.Nc3 c6 4.e3 Nf6 5.Nf3 Nbd7 6.Bd3 dxc4 7.Bxc4 b5 8.Bd3 a6
9.O-O c5 10.d5 exd5 11.e4 d4 12.Nd5 Nxd5 13.exd5 Nf6 14.Re1+ Be7 15.Qe2 Ra7
16.Ne5 Qxd5 17.Bxb5+ axb5 18.Qxb5+ Kf8 19.Bg5 h6 20.Nc6 Rb7 21.Qa6 Rc7 22.Nxe7
Bxa6 23.Nxd5 Nxd5 {#R} 0-1

[Event "Lasker Memorial 2017"]
[Site "Gorzow Wielkopolski POL"]
[Date "2017.06.16"]
[Round "5.2"]
[White "Sabuk,P"]
[Black "Llaneza Vega,M"]
[Result "1-0"]
[WhiteElo "2368"]
[BlackElo "2424"]

1.d4 d6 2.Nf3 Bg4 3.e4 e6 4.Bd3 Nf6 5.O-O Be7 6.Bg5 O-O 7.Nbd2 Nbd7 8.Re1 e5
9.h3 Bh5 10.c3 h6 11.Be3 d5 12.exd5 exd4 13.Bxd4 Nxd5 14.Qb3 Nc5 15.Bxc5 Bxc5
16.Be4 Nf6 17.g4 Bxg4 18.hxg4 Nxg4 19.Re2 Qd6 20.Kg2 Rad8 21.Rae1 Qf6 22.Qc2
g6 23.Nb3 Bb6 24.Bxb7 g5 25.Nbd4 c5 26.Nc6 Rd7 27.Ne7+ Kh8 28.Bc8 Rxc8 29.Nxc8
Bc7 30.Re8+ Kg7 31.Ne7 {#r} 1-0

[Event "Lasker Memorial 2017"]
[Site "Gorzow Wielkopolski POL"]
[Date "2017.06.17"]
[Round "6.4"]
[White "Llaneza Vega,M"]
[Black "Kucza,Karol"]
[Result "1-0"]
[WhiteElo "2424"]
[BlackElo "2278"]

1.e4 e5 2.Nf3 Nc6 3.Bb5 a6 4.Ba4 Nf6 5.Qe2 b5 6.Bb3 d6 7.c3 Be7 8.d4 Bg4 9.Qe3
O-O 10.Nbd2 exd4 11.cxd4 Na5 12.Bc2 c5 13.b3 Nc6 14.Bb2 Rc8 15.dxc5 Nb4 16.Bb1
d5 17.e5 Bxc5 18.Qf4 Bxf3 19.Qxf3 Nd7 20.O-O Re8 21.Qg3 d4 22.f4 Nf8 23.Ne4
d3+ 24.Kh1 Kh8 25.Nxc5 Rxc5 26.Ba3 d2 27.Bxh7 Qd4 28.Bf5 Rd8 29.Rad1 a5 30.Bb2
Qxb2 31.Qh4+ Kg8 32.Qxd8 Rc1 33.e6 Nc6 34.Qe8 {#r} 1-0

[Event "Lasker Memorial 2017"]
[Site "Gorzow Wielkopolski POL"]
[Date "2017.06.17"]
[Round "6.5"]
[White "Janik,Igor"]
[Black "Ivanov,MM"]
[Result "1-0"]
[WhiteElo "2422"]
[BlackElo "2425"]

1.e4 c5 2.Nf3 e6 3.d4 cxd4 4.Nxd4 Nc6 5.Nc3 a6 6.Nxc6 bxc6 7.Bd3 d5 8.O-O Nf6
9.f4 Be7 10.Qe2 c5 11.e5 Ng8 12.f5 c4 13.Qg4 g6 14.fxg6 hxg6 15.Rxf7 Bc5+
16.Kf1 Kxf7 17.Bxg6+ Kg7 18.Bh5+ Kf8 19.Bg5 Be7 20.Qf3+ Nf6 21.exf6 Bd6 22.Re1
Ra7 23.g4 Rah7 24.h4 Rxh5 25.gxh5 Qe8 26.h6 Qg6 27.Re2 Kf7 28.Qf2 Bd7 29.Ke1
Rc8 30.Qa7 Rc7 31.Qb6 Bg3+ 32.Kd1 Qf5 33.Qg1 Bd6 34.Bd2 Bf8 35.Kc1 Qg6 36.Rg2
Qh7 37.Qb6 Rc8 38.Qb7 Kxf6 39.Bg5+ Ke5 40.Re2+ Kf5 41.Nxd5 Bxh6 42.Ne7+ {#r}
1-0

[Event "Lasker Memorial 2017"]
[Site "Gorzow Wielkopolski POL"]
[Date "2017.06.17"]
[Round "6.7"]
[White "Sergeev,Vl"]
[Black "Kumala,A"]
[Result "1-0"]
[WhiteElo "2446"]
[BlackElo "2224"]

1.Nf3 Nf6 2.d4 e6 3.c4 d5 4.e3 c6 5.Bd3 Bd6 6.O-O dxc4 7.Bxc4 b5 8.Bd3 a6 9.e4
Bc7 10.Qc2 h6 11.Rd1 O-O 12.Nbd2 Bb7 13.Nb3 Nbd7 14.Qe2 Qe7 15.Bd2 c5 16.dxc5
Nxc5 17.Nxc5 Qxc5 18.Rac1 Qe7 19.e5 Ng4 20.Bb4 Qxb4 21.Rxc7 Ra7 22.Be4 Bxe4
23.Rxa7 Bxf3 24.Qxf3 Nxe5 25.Qe2 Qf4 26.Rxa6 Ng4 27.g3 Qf5 28.Rb6 Rc8 29.Rxb5
e5 30.f3 Nf6 31.Rxe5 Qh7 32.Qc4 Rb8 33.Qc7 Rf8 34.b4 h5 35.Qd6 Ne8 36.Qd3 Qh6
37.Qe3 Qc6 38.Rd8 Nd6 39.Rxf8+ Kxf8 40.Rxh5 Kg8 41.Rc5 Qa4 42.Qd2 Ne8 43.Rc8
Qa7+ 44.Kg2 Qe7 45.b5 Kh7 46.Qd3+ g6 47.Qe4 {#r} 1-0

[Event "Lasker Memorial 2017"]
[Site "Gorzow Wielkopolski POL"]
[Date "2017.06.18"]
[Round "7.8"]
[White "Kubicka,Anna"]
[Black "Balinski,D"]
[Result "1-0"]
[WhiteElo "2168"]
[BlackElo "2171"]

1.e4 c5 2.Ne2 Nc6 3.d4 cxd4 4.Nxd4 g6 5.c4 Nf6 6.Nc3 d6 7.Be2 Nxd4 8.Qxd4 Bg7
9.O-O O-O 10.Bg5 h6 11.Bd2 Nd7 12.Qe3 Nc5 13.b4 Ne6 14.Rac1 a5 15.a3 axb4
16.axb4 Nd4 17.Nd5 e6 18.Nf4 e5 19.Nd5 Be6 20.Bc3 Ra3 21.Bd3 Bxd5 22.exd5 f5
23.Bxd4 exd4 24.Qd2 Re8 25.c5 dxc5 26.bxc5 Kh8 27.Bb5 Re4 28.d6 Kh7 29.Bd3 Re5
30.Rfe1 Rxe1+ 31.Rxe1 Rc3 32.Qe2 Rxc5 33.Qe7 Qa5 34.d7 Rd5 35.Re6 Qc7 36.Qf7
Qc1+ 37.Bf1 Qg5 38.Re7 {#r} 1-0

[Event "5th Cesme Open 2017"]
[Site "Cesme TUR"]
[Date "2017.06.13"]
[Round "2.2"]
[White "Koc,I"]
[Black "Solodovnichenko,Y"]
[Result "0-1"]
[WhiteElo "2107"]
[BlackElo "2583"]

1.d4 d5 2.c4 e6 3.Nc3 Nf6 4.cxd5 exd5 5.Bg5 Be7 6.e3 c6 7.Bd3 h6 8.Bh4 O-O
9.Qc2 Re8 10.Nge2 Nh5 11.Bg3 Nd7 12.a3 Nxg3 13.hxg3 Nf6 14.O-O Bd6 15.e4 dxe4
16.Nxe4 Nxe4 17.Bxe4 Qf6 18.Bf3 Bf5 19.Qd2 Re7 20.Nc3 Rd8 21.Rad1 Red7 22.Qc1
Qg5 23.d5 Qxc1 24.Rxc1 cxd5 25.Nxd5 Be5 26.Rcd1 Bc2 27.Rd2 Bb3 28.Ne7+ Kf8
29.Rxd7 Rxd7 30.Nf5 Bxb2 31.Rb1 Rd2 32.Ne3 Ba2 33.Re1 Bxa3 34.Bxb7 a5 35.Bc6
g6 36.Nf1 Rc2 37.Bb5 Rb2 38.Re8+ Kg7 39.Bd3 Bc5 40.Ne3 a4 41.Ra8 Bb3 42.Ra5
Bb4 {#R} 0-1

[Event "5th Cesme Open 2017"]
[Site "Cesme TUR"]
[Date "2017.06.13"]
[Round "2.3"]
[White "Sumets,A"]
[Black "Ozenir,Ekin Baris"]
[Result "1-0"]
[WhiteElo "2560"]
[BlackElo "2127"]

1.e4 e6 2.d4 d5 3.Bd3 dxe4 4.Bxe4 Nf6 5.Bf3 c5 6.Ne2 Nc6 7.Be3 cxd4 8.Nxd4 Bd7
9.Nc3 Be7 10.Nb3 O-O 11.O-O Rc8 12.Qe2 Qc7 13.Nc5 Ne5 14.Nxd7 Nxf3+ 15.Qxf3
Nxd7 16.Nb5 Qc6 17.Qxc6 bxc6 18.Nxa7 Rc7 19.Rfd1 Nc5 20.b4 Na4 21.b5 cxb5
22.Nxb5 Rxc2 23.Kf1 Bf6 24.Bd4 e5 25.Be3 Rb8 26.Rdc1 Rxc1+ 27.Rxc1 Be7 28.Na7
Ba3 29.Rc4 Nb6 30.Rc3 Bf8 31.Rb3 Nd7 32.Rxb8 Nxb8 33.Ke2 f5 34.Kd3 Kf7 35.Kc4
Ke6 36.a4 Bd6 37.a5 Bc7 38.Bd2 e4 39.g3 h6 40.Nb5 Be5 41.h4 Na6 42.h5 Bb8
43.Nd4+ Kf6 44.Kb5 Ba7 45.Bc3 Nc7+ 46.Kc6 Ne6 47.Nb5+ Kg5 48.Nxa7 f4 49.gxf4+
{#r} 1-0

[Event "5th Cesme Open 2017"]
[Site "Cesme TUR"]
[Date "2017.06.13"]
[Round "2.4"]
[White "Tarlabasi,Emirhan"]
[Black "Nevednichy,V"]
[Result "0-1"]
[WhiteElo "2152"]
[BlackElo "2533"]

1.d4 g6 2.c4 Bg7 3.Nc3 d6 4.e4 e5 5.dxe5 dxe5 6.Qxd8+ Kxd8 7.Be3 Be6 8.Nf3 f6
9.O-O-O+ Nd7 10.Nd2 c6 11.c5 Bh6 12.Bxh6 Nxh6 13.f3 Ke7 14.b4 a5 15.a3 axb4
16.axb4 b6 17.cxb6 Nxb6 18.Kc2 Rhd8 19.Be2 Rd4 20.Rb1 Nf7 21.b5 Rc8 22.bxc6
Rxc6 23.Bb5 Rc7 24.Nb3 Nd6 25.Nc1 Nbc4 26.Bxc4 Nxc4 27.Rb8 Rd2+ 28.Kb1 Na3+
{#R} 0-1

[Event "5th Cesme Open 2017"]
[Site "Cesme TUR"]
[Date "2017.06.13"]
[Round "2.5"]
[White "Benidze,D"]
[Black "Rzayev,A"]
[Result "1-0"]
[WhiteElo "2525"]
[BlackElo "2082"]

1.Nf3 Nf6 2.g3 g6 3.b3 Bg7 4.Bb2 O-O 5.Bg2 d5 6.c4 c5 7.O-O Nc6 8.cxd5 Nxd5
9.Bxg7 Kxg7 10.Qc1 Qd6 11.Na3 b6 12.Nc4 Qd8 13.d4 cxd4 14.Rd1 Nc3 15.Nxd4 Qxd4
16.Rxd4 Nxe2+ 17.Kh1 Ncxd4 18.Qb2 Bf5 19.Re1 Rac8 20.Rxe2 Rfd8 21.Rd2 e5
22.Nxe5 {#r} 1-0

[Event "5th Cesme Open 2017"]
[Site "Cesme TUR"]
[Date "2017.06.13"]
[Round "2.7"]
[White "Shanava,K"]
[Black "Seyhanoglu,D"]
[Result "1-0"]
[WhiteElo "2516"]
[BlackElo "2043"]

1.e4 c5 2.Nf3 e6 3.d4 cxd4 4.Nxd4 a6 5.Nc3 b5 6.Bd3 Qb6 7.Nb3 Qc7 8.O-O Bb7
9.Be3 Nf6 10.f4 d6 11.e5 b4 12.exf6 bxc3 13.f5 e5 14.fxg7 Bxg7 15.f6 Bf8
16.bxc3 Nd7 17.Rf2 h5 18.Rb1 Bh6 19.Bxh6 Rxh6 20.Na5 Bd5 21.c4 Qxa5 22.cxd5
Qc5 23.Bf5 Nxf6 24.Qd2 Rh8 25.Qg5 Nxd5 26.Rb7 Qe3 27.Qg7 Rf8 28.Bd7+ Ke7
29.Bg4+ Ke8 30.Bxh5 {#r} 1-0

[Event "5th Cesme Open 2017"]
[Site "Cesme TUR"]
[Date "2017.06.13"]
[Round "3.3"]
[White "Rzayev,B"]
[Black "Sumets,A"]
[Result "0-1"]
[WhiteElo "2392"]
[BlackElo "2560"]

1.e4 e6 2.d4 d5 3.Nd2 Be7 4.Ngf3 Nf6 5.e5 Nfd7 6.Bd3 c5 7.c3 Nc6 8.O-O a5
9.Re1 cxd4 10.cxd4 Qb6 11.Qa4 g5 12.h3 h5 13.g4 hxg4 14.hxg4 Nf8 15.Nb3 Bd7
16.Bb5 Nxe5 17.Bxd7+ Nexd7 18.Bd2 Bb4 19.Rac1 Bxd2 20.Nbxd2 Qd6 21.Qb5 Qf4
22.Qxb7 Qxg4+ 23.Kf1 Rb8 24.Rc8+ Rxc8 25.Qxc8+ Ke7 26.Qc7 Rh3 27.Qxa5 Ng6
28.Qa3+ Kf6 29.Ke2 Qf5 30.Qd6 Qc2 31.Nxg5 Kxg5 32.Rg1+ Kf5 33.Rxg6 Qd3+ {#R}
0-1

[Event "5th Cesme Open 2017"]
[Site "Cesme TUR"]
[Date "2017.06.13"]
[Round "3.4"]
[White "Nevednichy,V"]
[Black "Guseynov,A"]
[Result "1-0"]
[WhiteElo "2533"]
[BlackElo "2346"]

1.e4 g6 2.d4 Bg7 3.Nc3 c6 4.Bc4 d6 5.Qf3 e6 6.Nge2 b5 7.Bb3 a5 8.a3 d5 9.h4 h6
10.Bf4 Nf6 11.g4 Nxe4 12.Nxe4 dxe4 13.Qxe4 Bb7 14.Rh3 Qe7 15.Be5 O-O 16.Bxg7
Kxg7 17.Qe5+ Qf6 18.Qc7 Ba6 19.O-O-O Rc8 20.Qg3 Qe7 21.g5 h5 22.Nf4 c5 23.Bxe6
fxe6 24.Qd3 Qf7 25.Rf3 Ra7 26.dxc5 Qe8 27.Qc3+ e5 28.Rd6 Rc6 29.Re3 b4 30.axb4
axb4 31.Qxe5+ Qxe5 32.Rxe5 Rxd6 33.cxd6 Bc4 34.Re4 Bf7 35.Rxb4 Nc6 36.Rb6 Ne5
37.b3 Ra1+ 38.Kd2 Rf1 39.Ke2 Rc1 40.Kd2 Rf1 41.Nd3 Nxd3 42.Kxd3 Be6 43.c4 Rxf2
44.Rb7+ Kf8 45.c5 Rf3+ 46.Kd4 Rf1 47.c6 Rd1+ 48.Ke5 Re1+ 49.Kf6 Bc8 50.d7 {#r}
1-0

[Event "5th Cesme Open 2017"]
[Site "Cesme TUR"]
[Date "2017.06.13"]
[Round "3.10"]
[White "Tuncer,Tuna"]
[Black "Ulibin,M"]
[Result "0-1"]
[WhiteElo "2302"]
[BlackElo "2499"]

1.e4 e6 2.d4 d5 3.Nd2 Nf6 4.e5 Nfd7 5.c3 c5 6.Bd3 Nc6 7.Ngf3 cxd4 8.cxd4 f6
9.exf6 Qxf6 10.O-O Bd6 11.Re1 O-O 12.Bxh7+ Kxh7 13.Rxe6 Bxh2+ 14.Kxh2 Qf5
15.Kg1 Nxd4 16.Re3 Nc2 17.Ng5+ Kg8 18.Rf3 Qg6 19.Rb1 Nd4 20.Rg3 Nf5 21.Qc2 Ne5
22.Qc5 Nxg3 23.Qxd5+ Nf7 24.Nxf7 Ne2+ 25.Kf1 Rxf7 26.Kxe2 Bf5 27.Ra1 Re8+
28.Kf1 Bd3+ 29.Kg1 Re1+ 30.Kh2 Qh6+ 31.Kg3 Qf4+ {#R} 0-1

[Event "5th Cesme Open 2017"]
[Site "Cesme TUR"]
[Date "2017.06.13"]
[Round "3.14"]
[White "Garabetyan,A"]
[Black "Rasulov,Vu"]
[Result "0-1"]
[WhiteElo "2086"]
[BlackElo "2508"]

1.Nf3 Nf6 2.g3 g6 3.Bg2 Bg7 4.c4 O-O 5.Nc3 d6 6.d4 Nbd7 7.O-O e5 8.Qc2 Re8
9.Rd1 exd4 10.Nxd4 a6 11.b3 Rb8 12.Bb2 c6 13.e4 Qe7 14.f3 Nc5 15.Qd2 Rd8
16.Re1 h5 17.Rad1 Qc7 18.Kh1 b5 19.cxb5 axb5 20.b4 Ne6 21.Rc1 Nxd4 22.Qxd4 Qe7
23.Ne2 Bb7 24.a3 Ra8 25.Qd2 Nd7 26.Nd4 Ne5 27.Bf1 c5 28.f4 cxd4 29.fxe5 Qxe5
30.Bg2 Rdc8 31.Qd3 Rxc1 32.Rxc1 Re8 33.Kg1 Bxe4 34.Bxe4 Qxe4 35.Qxe4 Rxe4
36.Kf2 g5 37.Rc8+ Kh7 38.Bc1 g4 39.Rb8 d3 40.Be3 Bd4 {#R} 0-1